00946nam a2200217 a 450000100100000000500170001000800410002702000150006804000250008310000300010824500820013826001070022030000210032749000400034850400330038850000420042171000960046383000470055995201050060699900170071100003920420201002031537.0130611s2004 sp 000 0 spa d a8400082877 aDO-SdBNPbspacBNPHU1 aChicharro, Antonio96539310aPara una historia del pensamiento literario en España /cAntonio Chicharro. aMadrid :bConsejo Superior de Investigaciones Científicas, Instituto de la Lengua Española,c2004. a353 p. ;c28 cm.1 aAnejos de revista de literaturav64 aBibliografía : p. 331- 349 aIncluye notas al pie de las páginas2 aConsejo Superior de Investigaciones Científicas, Instituto de la Lengua Española965394 0aAnejos de revista de literaturav64915426 001050718MOaGRbGRcCTd2013-06-11iLF1l0o p39204-10r2020-06-25w2020-06-25y1ZNo se presta c38694d38694